000 00218nam a2200097Ia 4500
008 190216s9999||||xx |||||||||||||| ||und||
100 _aT G Madavan Kutty
245 0 _aMahacharithamala 80
260 _bNull
942 _cBK
999 _c25593
_d25593